| 000 | 01152pam a2200313 a 4500 | ||
|---|---|---|---|
| 005 | 20260322212015.0 | ||
| 008 | data | ||
| 010 | _a 87003200 | ||
| 020 | _a0394893301 | ||
| 020 | _a0394993306 (lib. bdg.) | ||
| 020 | _a9780394893303 | ||
| 020 | _a9780394993300 (lib. bdg.) | ||
| 040 |
_aDLC _cDLC _dDLC |
||
| 042 | _alcac | ||
| 050 | 0 | 0 |
_aPZ7.A1824 _bSo 1988 |
| 082 | 0 | 0 |
_a[E] _219 |
| 099 | _aACKERK | ||
| 100 | 1 |
_aAckerman, Karen, _d1951- |
|
| 245 | 1 | 0 |
_aSong and dance man / _cKaren Ackerman & Stephen Gammell. |
| 260 |
_aNew York : _bDistributed by Random House, _bDistributed by Random House, _cc1988. |
||
| 300 |
_a[30] p. : _bcol. ill. ; _c28 cm. |
||
| 520 | _aGrandpa demonstrates for his visiting grandchildren some of the songs, dances, and jokes he performed when he was a vaudeville entertainer. | ||
| 650 | 1 |
_aEntertainers _xFiction. |
|
| 650 | 1 |
_aGrandfathers _xFiction. |
|
| 700 | 1 |
_aGammell, Stephen, _eill. |
|
| 856 | 4 | 2 |
_3Contributor biographical information _uhttp://www.loc.gov/catdir/bios/random056/87003200.html |
| 856 | 4 | 2 |
_3Publisher description _uhttp://www.loc.gov/catdir/description/random041/87003200.html |
| 001 | data | ||
| 999 |
_c324 _d324 |
||